000 00381nam a2200169Ia 4500
005 20250425160939.0
008 250425s9999 xx 000 0 und d
041 _apor
082 _a387.164
245 0 _aCURSO INTERNACIONAL DE CONTENEDORES I PARTE
250 _aS.E.
260 _aBrasil
_bESPOL
_c1988
260 _aS.L.
300 _a280
942 _c01
010 _a9031
999 _c199429
_d199429